00383nam a2200121Ia 4500082001200000100002800012245005200040260003200092300002100124650005200145650003800197710002600235 aTS.0701 aShukla, Sankatta Prasad 0aLucknow museum terracottas : A study (in Hindi) c1969bUniversity of Lucknow a284p. + C D - 57 aTERRA-COTTA SCULPTURE - UTTAR PRADESH - LUCKNOW aMUSEUMS - UTTAR PRADESH - LUCKNOW aThapiyal, Kiran Kumar